Normal view
MARC view
- Howerton w ,paul
Entry Personal Name
001 - CONTROL NUMBER
- control field: 112313
003 - CONTROL NUMBER IDENTIFIER
- control field: NUST
005 - DATE AND TIME OF LATEST TRANSACTION
- control field: 20230515131346.0
008 - FIXED-LENGTH DATA ELEMENTS
- fixed length control field: 230515|| aca||aabn | a|a d
040 ## - CATALOGING SOURCE
- Original cataloging agency: NUST
- Transcribing agency: NUST
100 ## - HEADING--PERSONAL NAME
- Personal name: Howerton w ,paul
670 ## - SOURCE DATA FOUND
- Source citation: Work cat.: (NUST)176203: Howerton w ,paul, Information handling first principles /
